[Event "GER-ch U16"]
[Site "Oberhof"]
[Date "2012.05.31"]
[Round "7"]
[White "Persch, Adrian"]
[Black "Groetzbach, Julian"]
[Result "1/2-1/2"]
[WhiteElo "1873"]
[BlackElo "2071"]
[PlyCount "71"]
[EventDate "2012.05.27"]
[EventType "swiss"]
[EventRounds "9"]
[EventCountry "GER"]
[SourceTitle "CBM 148 Extra"]
[Source "ChessBase"]
[SourceDate "2012.06.22"]
[SourceVersion "1"]
[SourceVersionDate "2012.06.22"]
[SourceQuality "1"]

1. d4 d5 2. c4 c6 3. cxd5 cxd5 4. Nc3 Nf6 5. h3 Nc6 6. Nf3 Bf5 7. Qb3 Na5 8. Qb5+ Bd7 9. Qd3 e6 10. Ne5 Bb4 11. Bd2 0-0 12. f3 Nh5 13. h4 Ng3 14. Rh3 Nxf1 15. Kxf1 f6 16. Nxd7 Qxd7 17. b3 Rac8 18. Na4 Bxd2 19. Qxd2 b6 20. Kf2 Rc6 21. Rhh1 Rfc8 22. Rac1 Qc7 23. Rxc6 Qxc6 24. Qb4 Kf7 25. Rd1 Qc2 26. Rd2 Qc1 27. Rd3 Nb7 28. Rc3 Rxc3 29. Qxc3 Qxc3 30. Nxc3 Nd6 31. e4 dxe4 32. fxe4 Ke8 33. Ke3 Kd7 34. g4 Nf7 35. Ne2 Nd6 36. Nc3 1/2-1/2

[Event "GER-ch U16"]
[Site "Oberhof"]
[Date "2012.05.29"]
[Round "5"]
[White "Persch, Adrian"]
[Black "Kardoeus, David"]
[Result "0-1"]
[WhiteElo "1873"]
[BlackElo "1857"]
[PlyCount "94"]
[EventDate "2012.05.27"]
[EventType "swiss"]
[EventRounds "9"]
[EventCountry "GER"]
[SourceTitle "CBM 148 Extra"]
[Source "ChessBase"]
[SourceDate "2012.06.22"]
[SourceVersion "1"]
[SourceVersionDate "2012.06.22"]
[SourceQuality "1"]

1. c4 g6 2. Nc3 Bg7 3. g3 c5 4. d3 Nc6 5. Bg2 e5 6. e4 Nge7 7. Nge2 0-0 8. 0-0 f5 9. Nd5 Nxd5 10. cxd5 Ne7 11. Qb3 d6 12. a4 b6 13. Nc3 a6 14. Bd2 f4 15. f3 h5 16. Ne2 g5 17. h3 Ng6 18. g4 Bf6 19. Be1 Rf7 20. Rc1 Bd7 21. Qd1 Be8 22. b4 Rb7 23. Qb3 Qd7 24. Nc3 cxb4 25. Qxb4 Bd8 26. Bf2 Ne7 27. Rfd1 b5 28. a5 Rc8 29. Bf1 Qc7 30. d4 Qxa5 31. Qxd6 exd4 32. Bxd4 Bb6 33. Bxb6 Qxb6+ 34. Qxb6 Rxb6 35. d6 b4 36. d7 Bxd7 37. Rxd7 bxc3 38. Rd4 hxg4 39. hxg4 c2 40. Rd2 Rb3 41. Kf2 Rcc3 42. Kg2 Ng6 43. Rcxc2 Nh4+ 44. Kh1 Rxc2 45. Rxc2 Rxf3 46. Bxa6 Rh3+ 47. Kg1 Nf3+ 0-1

[Event "GER-ch U16"]
[Site "Oberhof"]
[Date "2012.05.27"]
[Round "2"]
[White "Florstedt, Johannes"]
[Black "Persch, Adrian"]
[Result "1-0"]
[WhiteElo "2030"]
[BlackElo "1873"]
[PlyCount "89"]
[EventDate "2012.05.27"]
[EventType "swiss"]
[EventRounds "9"]
[EventCountry "GER"]
[SourceTitle "CBM 148 Extra"]
[Source "ChessBase"]
[SourceDate "2012.06.22"]
[SourceVersion "1"]
[SourceVersionDate "2012.06.22"]
[SourceQuality "1"]

1. e4 c6 2. Nc3 d5 3. Qe2 d4 4. Nd1 e5 5. g3 Qc7 6. d3 Bd6 7. Bg2 Ne7 8. Nf3 h6 9. 0-0 Bg4 10. h3 Bh5 11. g4 Bg6 12. Nh4 Nd7 13. c3 c5 14. cxd4 cxd4 15. Bd2 h5 16. Rc1 Qb8 17. Nxg6 fxg6 18. g5 0-0 19. h4 Nc5 20. Bh3 b6 21. b3 a5 22. Nb2 b5 23. Rc2 a4 24. bxa4 Nxa4 25. Rb1 Nc5 26. Nc4 Ra4 27. Nxd6 Qxd6 28. Rxb5 Ne6 29. Bb4 Rxb4 30. Bxe6+ Kh7 31. Rxb4 Qxb4 32. Kg2 Qd6 33. Bh3 Ra8 34. Rc4 Nc6 35. a4 Nb4 36. Qd1 Na2 37. Qb3 Nc3 38. Qb7 Rxa4 39. Rc7 Qf8 40. Rf7 Qg8 41. Qe7 Ra8 42. Bf5 Ne2 43. Bxg6+ Kxg6 44. Qe6+ Kh7 45. Qh6# 1-0

[Event "Rheinland Pfalz op 3rd"]
[Site "Gau Algesheim"]
[Date "2011.07.28"]
[Round "1"]
[White "Persch, Adrian"]
[Black "Hegermann, Frank"]
[Result "1/2-1/2"]
[WhiteElo "1764"]
[BlackElo "2172"]
[PlyCount "75"]
[EventDate "2011.07.28"]
[EventType "swiss"]
[EventRounds "7"]
[EventCountry "GER"]
[SourceTitle "EXT 2013"]
[Source "ChessBase"]
[SourceDate "2012.11.22"]
[SourceVersion "1"]
[SourceVersionDate "2012.11.22"]
[SourceQuality "1"]

1. b3 d5 2. c4 Nf6 3. Bb2 c5 4. g3 Nc6 5. Bg2 e6 6. Nf3 Be7 7. 0-0 0-0 8. d4 dxc4 9. bxc4 Qb6 10. Qb3 Rd8 11. e3 Bd7 12. Nbd2 Qc7 13. Rab1 Rac8 14. Bc3 cxd4 15. exd4 b6 16. Rbc1 Be8 17. Rfd1 Qd6 18. Ba1 Qa3 19. Bb2 Qb4 20. Nf1 Na5 21. Qxb4 Bxb4 22. Ne3 Ba4 23. Rd3 Bc6 24. d5 Ne8 25. Ne5 exd5 26. Bxd5 Bxd5 27. Nxd5 Bd6 28. Ne3 f6 29. Nf3 Bc5 30. Nd5 Kf7 31. Bd4 Bxd4 32. Rxd4 Nd6 33. Ne3 Ndb7 34. Rcd1 Rxd4 35. Rxd4 Rc7 36. Kf1 Nc5 37. Ke2 Nc6 38. Rd5 1/2-1/2

[Event "SVR-op 33rd"]
[Site "Mendig"]
[Date "2010.04.01"]
[Round "4"]
[White "Anetsberger, Carlos"]
[Black "Persch, Adrian"]
[Result "1/2-1/2"]
[WhiteElo "1708"]
[BlackElo "1508"]
[PlyCount "48"]
[EventDate "2010.03.27"]
[EventType "swiss"]
[EventRounds "7"]
[EventCountry "GER"]
[SourceTitle "EXT 2011"]
[Source "ChessBase"]
[SourceDate "2010.11.26"]
[SourceVersion "1"]
[SourceVersionDate "2010.11.26"]
[SourceQuality "1"]

1. d4 Nf6 2. c4 g6 3. g3 Bg7 4. Bg2 c6 5. Nc3 d5 6. cxd5 Nxd5 7. Nxd5 cxd5 8. e3 0-0 9. Ne2 Nc6 10. 0-0 Re8 11. b3 e5 12. Bb2 e4 13. Nc3 Nb4 14. Ne2 Nd3 15. Qd2 g5 16. Nc1 Nxb2 17. Qxb2 g4 18. Ne2 Bf5 19. Rac1 Qd6 20. Rc3 Rac8 21. Rfc1 Rxc3 22. Rxc3 Rc8 23. Rxc8+ Bxc8 24. Qc3 Bf5 1/2-1/2

[Event "SVR-op 33rd"]
[Site "Mendig"]
[Date "2010.03.27"]
[Round "2"]
[White "Hanig, Gunnar"]
[Black "Persch, Adrian"]
[Result "1-0"]
[WhiteElo "1849"]
[BlackElo "1508"]
[PlyCount "99"]
[EventDate "2010.03.27"]
[EventType "swiss"]
[EventRounds "7"]
[EventCountry "GER"]
[SourceTitle "EXT 2011"]
[Source "ChessBase"]
[SourceDate "2010.11.26"]
[SourceVersion "1"]
[SourceVersionDate "2010.11.26"]
[SourceQuality "1"]

1. e4 e6 2. d4 c5 3. c3 d5 4. exd5 Qxd5 5. Nf3 cxd4 6. Qxd4 Nf6 7. Bd3 Bc5 8. Qxd5 Nxd5 9. 0-0 0-0 10. Nbd2 f5 11. Re1 Nc6 12. Nc4 Bd7 13. Nce5 Rad8 14. Nxd7 Rxd7 15. Rxe6 Nxc3 16. Bc4 Nd5 17. Ne5 Rfd8 18. Bg5 Nd4 19. Bxd8 Rxd8 20. Bxd5 Rxd5 21. Re8+ Bf8 22. h4 g6 23. Re1 Kg7 24. Nc4 Nc2 25. Ne3 Nxe3 26. R1xe3 Rd1+ 27. Re1 Rd2 28. R8e2 Rd4 29. g3 f4 30. Re4 Rd2 31. R4e2 Rd4 32. Kg2 Kf7 33. Re4 Rd2 34. Rxf4+ Kg7 35. Rb1 Bd6 36. Rf3 b6 37. a4 a5 38. b3 Bc5 39. Re1 Rd7 40. Re6 Kh6 41. g4 Rd4 42. Kh3 Rd2 43. Ref6 Kg7 44. Rf7+ Kg8 45. g5 Rd1 46. Rb7 Rh1+ 47. Kg4 Rg1+ 48. Kf4 Rh1 49. Rd3 Rxh4+ 50. Ke5 1-0

[Event "SVR-op 33rd"]
[Site "Mendig"]
[Date "2010.03.27"]
[Round "1"]
[White "Persch, Adrian"]
[Black "Thoennes, Frank"]
[Result "1/2-1/2"]
[WhiteElo "1508"]
[BlackElo "1913"]
[PlyCount "116"]
[EventDate "2010.03.27"]
[EventType "swiss"]
[EventRounds "7"]
[EventCountry "GER"]
[SourceTitle "EXT 2011"]
[Source "ChessBase"]
[SourceDate "2010.11.26"]
[SourceVersion "1"]
[SourceVersionDate "2010.11.26"]
[SourceQuality "1"]

1. e4 g6 2. d4 Bg7 3. c3 c6 4. Bd3 b6 5. Ne2 Ba6 6. 0-0 Bxd3 7. Qxd3 d5 8. e5 e6 9. Be3 h5 10. c4 Nh6 11. Nbc3 a6 12. b4 Nd7 13. a4 dxc4 14. Qxc4 c5 15. bxc5 bxc5 16. Ne4 cxd4 17. Nd6+ Kf8 18. Bxh6 Rxh6 19. f4 Kg8 20. Nxd4 Nxe5 21. fxe5 Bxe5 22. Qc6 Bxd4+ 23. Kh1 Ra7 24. Rad1 e5 25. Nf5 Rh8 26. Nxd4 exd4 27. Rf4 d3 28. h3 Kh7 29. Qf3 Qc7 30. Rxd3 Rb8 31. Rc3 Rb1+ 32. Kh2 Qb8 33. Qg3 Qb6 34. Qe3 Qxe3 35. Rxe3 a5 36. Re5 Kg7 37. Rc5 Rb2 38. h4 Ra2 39. Rd5 f5 40. Rc4 Ra6 41. Kh3 Kf6 42. Kg3 Ke6 43. Rdc5 Kd6 44. Rb5 Ke6 45. Rbc5 Rd2 46. Kf3 Rd3+ 47. Kf4 Rb3 48. Rc6+ Rxc6 49. Rxc6+ Kf7 50. Rc4 Rb4 51. Rxb4 axb4 52. Ke3 Ke6 53. Kd4 f4 54. a5 Kd6 55. Kc4 g5 56. hxg5 h4 57. a6 h3 58. gxh3 f3 1/2-1/2